000 00257nam a2200109Ia 4500
008 220204s9999 xx 000 0 und d
082 _a82-3
_bLEC
100 _aLeCarre, John
245 0 _aCall for the dead
260 _aNew York
_bPopular
_c1961
942 _cBK
999 _c33218
_d33218